000 00311 a2200133 4500
000 nam a22 7a 4500
005 20260129142739.0
020 _a9781394294411
100 _aKerzner, Harold
_91112727
245 _aProject Management Case Studies
250 _a7
260 _bWiley
_c2024
942 _cTEXL
999 _c1678360
_d1678360